A vendégmunka. {Migratia fortei de munca}. [Working abroad]
Elmentve itt :
| Szerző: | |
|---|---|
| Adatforrás: | Meister |
| Forrásdokumentuma: | Korunk. - 2003. 6, 3-11. |
| Nyelv: | magyar |
| Kulcsszavak: | munkaszociológia vendégmunka munkaerő-migráció kilépési gyakorlat sociologia muncii migratia fortei de munca sociology of labour migration of labour force |
| LEADER | 00606nab a2200205 i 4500 | ||
|---|---|---|---|
| 001 | bibPRO00011698 | ||
| 008 | 080908s2003 xx hun | ||
| 040 | |a Sz1 | ||
| 041 | |a hun | ||
| 100 | 1 | |a HORVÁTH István | |
| 245 | 1 | 2 | |a A vendégmunka. {Migratia fortei de munca}. [Working abroad] |c HORVÁTH István |
| 695 | |a munkaszociológia | ||
| 695 | |a vendégmunka | ||
| 695 | |a munkaerő-migráció | ||
| 695 | |a kilépési gyakorlat | ||
| 695 | |a sociologia muncii | ||
| 695 | |a migratia fortei de munca | ||
| 695 | |a sociology of labour | ||
| 695 | |a migration of labour force | ||
| 773 | 0 | |t Korunk. - |g 2003. 6, 3-11. | |